000 00624nam a2200205 i 4500
001 BINCO
003 CO-MdBIC
005 20221004163822.0
008 220921t2020 spaa|||| |||| 00| 0 spa d
020 _a9789589905067
040 _a22
_bspa.
_cCO-MdBIC
_dCO-MdBIC
082 _222
_a863
_bV436
100 _aVélez de Piedrahita, Rocío
_d1926-2019
245 _aCucarachita Martínez
_bVélez de Piedrahita, Rocío
264 _aMedellín:
_bCONFIAR Cooperativa Financiera
_c©2020
300 _a15 páginas :
_bIlustraciones a color ;
_c10,5cm.
490 _aConfiar en la cultura
650 _xAnimales
942 _cLGB
999 _c68252
_d68252